Central Library OPAC University of Rajshahi

ইসলামী বীমা বিক্রয় ব্যবস্থাপনা / (Record no. 59200)

MARC details
000 -LEADER
fixed length control field 00732nam a2200229 a 4500
001 - CONTROL NUMBER
control field 59200
003 - CONTROL NUMBER IDENTIFIER
rucl marc code BD-RjUL
005 - DATE AND TIME OF LATEST TRANSACTION
control field 20211209080714.0
008 - FIXED-LENGTH DATA ELEMENTS--GENERAL INFORMATION
fixed length control field 161221s1994 bg ||||| |||| 00| 0 ben d
020 ## - INTERNATIONAL STANDARD BOOK NUMBER
Terms of availability : Tk.150.00
035 ## - SYSTEM CONTROL NUMBER
System control number (BD-RjUL)59324
040 ## - CATALOGING SOURCE
Original cataloging agency BD-RjUL
Language of cataloging ben
Transcribing agency BD-RjUL
Modifying agency BD-RjUL
041 ## - LANGUAGE CODE
Language code of text/sound track or separate title ben
082 ## - DEWEY DECIMAL CLASSIFICATION NUMBER
Edition number 23
Classification number 368
Author mark and year HAG 1994
100 1# - MAIN ENTRY--PERSONAL NAME
Personal name হক, নুরুল
9 (RLIN) 176037
245 10 - TITLE STATEMENT
Title ইসলামী বীমা বিক্রয় ব্যবস্থাপনা /
Statement of responsibility, etc. নুরুল হক
260 ## - PUBLICATION, DISTRIBUTION, ETC. (IMPRINT)
Place of publication, distribution, etc. ঢাকা :
Name of publisher, distributor, etc. ট্রিউন,
Date of publication, distribution, etc. ১৯৯৪
300 ## - PHYSICAL DESCRIPTION
Pagination ৩০৩ পৃ ;
Size ২০ সেমি.
650 ## - SUBJECT ADDED ENTRY--TOPICAL TERM
Topical term or geographic name as entry element বীমা
9 (RLIN) 176031
Topical term or geographic name as entry element Insurance
9 (RLIN) 176032
942 ## - ADDED ENTRY ELEMENTS (KOHA)
Source of classification or shelving scheme Dewey Decimal Classification
Koha item type Books
Holdings
Lost status Source of classification or shelving scheme Damaged status Not for loan Collection code Permanent Location Current Location Shelving location Date acquired Total Checkouts Full call number Date last seen Copy number Koha item type
  Dewey Decimal Classification   Not For Loan Non-fiction Central Library, University of Rajshahi Central Library, University of Rajshahi Reading Room 13/04/2004   B 368 HAG 1994 22/12/2016 C-1 Books